Leadership wisdom from the monk who sold his ferrari : the rituals of the best leaders.
| Main Author: | |
|---|---|
| Format: | Book |
| Published: |
London:
Harper Element,
1998.
|
| Subjects: |
| LEADER | 00444cam a2200145 7i4500 | ||
|---|---|---|---|
| 001 | 0000025966 | ||
| 005 | 20110224090000.0 | ||
| 020 | 0 | 0 | |a 9780007348404 |
| 090 | 0 | 0 | |a B338.470050684 |b SHA |
| 100 | 1 | 0 | |a Sharma |
| 245 | 1 | 0 | |a Leadership wisdom from the monk who sold his ferrari : |b the rituals of the best leaders. |
| 260 | 0 | 0 | |a London: |b Harper Element, |c 1998. |
| 300 | # | # | |a 254p. |
| 650 | 0 | 0 | |a Leadership |
| 999 | |a B000028344 |b Book |c Book |e Business Information Centre | ||


